000 00314nam a2200133Ia 4500
005 20251222144704.0
008 251222s9999||||xx |||||||||||||| ||spa||
020 _a958-600-492-9
082 _a658.406/M86R
100 _aMorris, Daniel
245 0 _aManagement Siglo XXI:
264 _bMcGraw-Hill
942 _cLIB
999 _c17566
_d17566